Phrases latines - Choix multiple - Statistiques

Statistiques générales
  • Ce quiz a été pris 235 fois
  • Le résultat moyen est 8 sur 10
Statistiques - réponses
Question Réponse % Correct
Cogito ergo sum Je pense donc je suis
97%
O tempora, o mores! Quelle époque! Quelles mœurs!
97%
Homo homini lupus l'homme est un loup pour l'homme
94%
Sic transit gloria mundi Ainsi passe la gloire du monde
91%
Ipsa scientia potestas est La science même est source du pouvoir
91%
Mens sana in corpore sano Un esprit sain dans un corps sain
91%
Canis canem edit Le chien mange le chien
88%
Quo vadis? Où vas-tu ?
76%
Memento mori Souviens-toi que tu es mortel ; souviens-toi que tu mourras
61%
Volenti non fit injuria Celui qui a consenti à l’acte ne peut prétendre en être victime
58%
Aucun quiz correspondant
Distribution des résultats
% des personnes avec chaque résultat
Percentile par nombre de réponses
Votre historique - résultats
Vous n’avez pas pris ce quiz